The Friday Multiple Choice Quiz (General Knowledge) #20 - Statistics

General Stats
  • This quiz has been taken 16 times
  • The average score is 6 of 10
Answer Stats
Question Answer % Correct
What do the letters UNESCO stand for? United Nations Educational, Scientific and Cultural Organization
81%
Who in February 2026 won the Gorton and Denton by-election for the Green Party? Hannah Spencer
75%
On 14th March 2026, aged just 16 years 73 days, who became the Premier League's youngest ever goalscorer? Max Dowman
63%
In October 1991, which British politician spoke of the "green shoots of recovery"? Norman Lamont
63%
In which sea do the larvae of the American eel, Conger eel, and European eel, all hatch? Sargasso Sea
63%
Whereabouts is 'Landmark Pinnacle' the highest residential tower block in the UK? Canary Wharf, London
56%
In what year did Dana win Eurovision with 'All Kinds of Everything'? 1970
50%
What was the name of Don Estelle's character in 'It Ain't Half Hot Mum'? Gunner Sugden
44%
Who, in 1962, had a hit single with 'End Of The World'? Skeeter Davis
44%
In what year was the Council Tax introduced in the UK? 1993
38%
No matching quizzes found
Score Distribution
Percent of People with Each Score
Percentile by Number Answered
Your Score History
You have not taken this quiz